000 00749cam a22002411 4500
999 _c40632
_d40632
001 751411
003 ARRUPE
005 20170529124512.0
008 730116s1964 nyub b 000 0 eng
010 _a 64010025
040 _aDLC
_cDLC
_dDLC
043 _af------
050 0 0 _aDT20
_b.B6
082 0 0 _a916
100 1 _aBohannan, Paul.
_922753
245 1 0 _aAfrica and Africans.
250 _a[1st ed.]
260 _aGarden City, N.Y.,
_bPublished for the American Museum of Natural History [by] Natural History Press,
_c1964.
300 _axi, 259 p.
_bmaps.
_c22 cm.
504 _aBibliography: p. [250]-254.
651 0 _aAfrica
_xHistory.
_931517
906 _a7
_bcbc
_corignew
_du
_eocip
_f19
_gy-gencatlg
942 _2lcc
_cMONOGRAPH